000 00694nam a2200205 4500
001 vtls000725860
003 MY-SjTCS
005 20200226120718.0
008 110218 1988 00 eng
020 _a014009122X
039 9 _a201905081518
_bdianafitri
_c201102181255
_dVLOAD
_y200407271831
_zVLOAD
082 0 4 _a658.8
_bMCB
100 1 _aMcBurnie, Tony.
_93728
245 1 4 _aThe marketing edge :
_bvital lessons in marketing success /
_cTony McBurnie and David Clutterbuck
260 _aLondon :
_bPenguin Books,
_c1988
300 _a191 p. ;
_c20 cm.
650 0 _aMarketing.
700 1 _aClutterbuck, David.
_e(j.a.)
_93729
920 _aUOSM : 13164, 13165, 13166, 13811, 13820, 13821
999 _c169251